000 00617nam a2200205 u 4500
005 20220622063611.0
008 120626s20002006 r 000 0 eng d
020 _a9586153606
035 _aUPN01000185463
049 _aCG
050 4 _aPQ8519 Q5
_bC8.4h
100 1 _aQuiroga, Horacio,
_d1878-1937
_929892
245 1 0 _aCuentos de la selva /
_cHoracio Quiroga ; pról. de Isaías Peña Gutiérrez.
260 _aBogotá :
_bEducar,
_c2000 (2006 impr.).
300 _a255 p.
440 0 _aEspacio de leer
650 4 _aCUENTOS URUGUAYOS
_910233
650 0 _aAnimales
_vCuentos y leyendas
_9234
905 _aLibro
999 _c157566
_d157566